000 00868nam a2200229 a 4500
005 20220816113342.0
008 160922s2015 mx r 000 0 spa d
020 _a9786079401542 (Colegio de San Luis)
020 _a9786079294953 (Instituto Mora)
035 _aUPN01000213564
049 _aCG
050 4 _aHF3239 S2
_bC3.2
100 1 _aCañedo Gamboa, Sergio Alejandro
_939562
245 1 0 _aComercio, alcabalas y negocios de familia en San Luis Potosí, México :
_bcrecimiento económico y poder político : 1820-1846 /
_cSergio Alejandro Cañedo Gamboa.
260 _aMéxico :
_bEl Colegio de San Luis :
_bInstituto Mora,
_c2015.
300 _a282 p. :
_bgráfs., tablas
440 0 _aInvestigaciones
651 4 _aSAN LUIS POTOSI -
_xCOMERCIO -
_xHISTORIA -
_ySIGLO XIX
_925273
650 4 _aEMPRESAS FAMILIARES
_918002
905 _aLibro
999 _c185664
_d185664